Statistiken für THW - Technisches Hilfswerk

Klicken Sie hier um das Quiz zu spielen!

Allgemein

  • Dieses Quiz wurde 116 mal gespielt
  • Das Durchschnittsergebnis liegt bei 10 aus 15

Antwortstatistiken

FrageAntwort% Korrekt
Für was stehen die Buchstaben THW?Technisches Hilfswerk
92%
Was ist die Hauptfarbe des Einsatzanzuges?blau
91%
Welchem Bundesministerium ist die Bundesanstalt THW unterstellt?Das Bundesministerium des Innern und für Heimat
85%
Für was steht MTW?Mannschaftstransportwagen
83%
Welche Einheiten werden vom THW gestellt?Technische Züge
83%
Wo sitzt die THW Leitung?Bonn
81%
In welchen Fachgruppen gibt es Rettungshunde?FGr Ortung
65%
Zu welcher Fachgruppe gehört der GKW?FGr Bergung
64%
Ab wann kann ein/e Junghelfer/in frühestens die Grundausbildungsprüfung ablegen?Ab 16 Jahren
63%
Wer leitet die Bundesanstallt THW?der/die THW Präsident/in
62%
Welche Fachgruppe existiert nicht (mehr)?Beleuchtung
61%
Wie viele Ortsverbände gibt es in ganz Deutschland?668
54%
Wann wurde das THW gegründet?1950
52%
In wie viele Landesverbände ist die Bundesanstalt THW gegliedert?8
40%
Ab weil viel Jahren können Kinder und Jugendliche als Junghelfer/in im THW mitwirken?ab 6 Jahren
38%

Verteilung der Resultate

Perzentil nach korrekt beantworteten Fragen

Anzahl Personen mit jedem Resultat

Ihre Resultats-Entwicklung

Sie haben dieses Quiz noch nicht gespielt